Čo rozhoduje o úrodách kukurice na siláž?

Bibliographic Details
Main Author: Gregorová, Helena, 1945- (Author)
Other Authors: Jamriška, Pavel, 1937- (Reviewer)
Format: Article
Language:Slovak
PhysicalDescription:Fotogr.
ISSN:1335-2466
Subjects:

MARC

LEADER 00000nab a2200000 a 4500
001 vtls001013061
003 SK-MaSNL
005 20260304135636.0
008 250505c2004 xo mr|p|||||||000 b|slo
015 |a SNBRB2004/12  |2 snkbucl 
035 |a (uuid)18b7f901-f1c6-44d7-8f3f-3167ae083ead 
035 |a urn:nbn:sk:snk-abtso 
035 |a (urnnbn)urn:nbn:sk:snk:ar-a04l2s 
038 |a SNKBUCL 
040 |a SNKBUCL  |b slo  |c SNKBUCL  |e AACR2 
041 0 |a slo 
044 |a xo  |c SK 
080 |a 633.15:636.085.52  |2 1997 
100 1 |a Gregorová, Helena,  |d 1945-  |4 aut  |9 131852 
245 1 0 |a Čo rozhoduje o úrodách kukurice na siláž?  |c Helena Gregorová ; recenzoval P. Jamriška 
300 |b Fotogr. 
650 0 7 |a kukurica na siláž  |2 snkbucl  |9 925333 
650 0 7 |a pestovanie poľných rastlín  |2 snkbucl  |9 31784 
700 1 |a Jamriška, Pavel,  |d 1937-  |4 rev  |9 103463 
773 0 |t Naše pole  |g Roč. 8, č. 9 (2004), s. 41-42  |x 1335-2466 
850 |a Slovenská národná knižnica 
852 |a Slovenská národná knižnica 
954 |a odborná, vedecká literatúra pôvodná (slovenská)  |2 lita 
958 |a article27 
958 |a OND 
958 |a EUIPO 
999 |c 2911621  |d 2913551